Managed relocation: an assessment of its feasibility as a coastal management option (Record no. 72474)
[ view plain ]
| 000 -LEADER | |
|---|---|
| fixed length control field | 01426cam a2200241 4500 |
| 001 - CONTROL NUMBER | |
| control field | ABS66602 |
| 008 - FIXED-LENGTH DATA ELEMENTS--GENERAL INFORMATION | |
| fixed length control field | 030409n2003 000 0 eng u |
| 035 ## - SYSTEM CONTROL NUMBER | |
| System control number | (Sirsi) u121942 |
| 100 ## - MAIN ENTRY--PERSONAL NAME | |
| Personal name | McGlashan, D. |
| 245 ## - TITLE STATEMENT | |
| Title | Managed relocation: an assessment of its feasibility as a coastal management option |
| 260 ## - PUBLICATION, DISTRIBUTION, ETC. | |
| Date of publication, distribution, etc. | 2003 |
| 490 ## - SERIES STATEMENT | |
| Series statement | Geographical Journal |
| Volume/sequential designation | 169(1) March 2003, 6-20(15) |
| 520 ## - SUMMARY, ETC. | |
| Summary, etc. | Managed relocation is explained and examined as an option to add to the usual categories in relation to managing coastal erosion. This paper considers the relocation of buildings in one unit, as opposed to demolition and re-construction. The standard coastal erosion management options are briefly noted and how managed relocation can fit into these options is explained. This paper focuses on four case studies. Two examples are from the United States and two from the UK; of these, two (one of each of the UK and US) took place during the 19th century. Managed relocation is proposed as being feasible in particular cases, particularly where there are isolated historic or high value buildings. References and figures. [Taken from journal abstract]. |
| 590 ## - LOCAL NOTE (RLIN) | |
| Local note | ABS |
| 650 ## - SUBJECT ADDED ENTRY--TOPICAL TERM | |
| Topical term or geographic name entry element | UNITED STATES |
| 650 ## - SUBJECT ADDED ENTRY--TOPICAL TERM | |
| Topical term or geographic name entry element | COASTAL EROSION |
| 650 ## - SUBJECT ADDED ENTRY--TOPICAL TERM | |
| Topical term or geographic name entry element | COASTAL MANAGEMENT |
| 650 ## - SUBJECT ADDED ENTRY--TOPICAL TERM | |
| Topical term or geographic name entry element | COASTAL DEFENCE |
| 650 ## - SUBJECT ADDED ENTRY--TOPICAL TERM | |
| Topical term or geographic name entry element | HISTORIC BUILDINGS |
| 650 ## - SUBJECT ADDED ENTRY--TOPICAL TERM | |
| Topical term or geographic name entry element | RELOCATION |
| 690 ## - LOCAL SUBJECT ADDED ENTRY--TOPICAL TERM (OCLC, RLIN) | |
| Topical term or geographic name as entry element | ENVIRONMENTAL AND LAND CONSULTANCY |
| 942 ## - ADDED ENTRY ELEMENTS (KOHA) | |
| Suppress in OPAC | 0 |
| Withdrawn status | Lost status | Source of classification or shelving scheme | Damaged status | Not for loan | Home library | Current library | Shelving location | Date acquired | Total Checkouts | Full call number | Barcode | Date last seen | Copy number | Price effective from | Koha item type |
|---|---|---|---|---|---|---|---|---|---|---|---|---|---|---|---|
| Dewey Decimal Classification | London | London | Journal article | 09/04/2003 | ABS66602 | 121942-1001 | 06/08/2019 | 1 | 06/08/2019 | Journal article |